Statistiken für Länder die an Deutschland grenzen

Klicken Sie hier um das Quiz zu spielen!

Allgemein

  • Dieses Quiz wurde 67 mal gespielt
  • Das Durchschnittsergebnis liegt bei 8 aus 9

Antwortstatistiken

GrenzlängeLand% Korrekt
467 kmPolen
100%
815 kmÖsterreich
98%
334 kmSchweiz
95%
646 kmTschechien
95%
451 kmFrankreich
94%
575 kmNiederlande
94%
167 kmBelgien
92%
135 kmLuxemburg
91%
68 kmDänemark
86%

Verteilung der Resultate

Perzentil nach korrekt beantworteten Fragen

Anzahl Personen mit jedem Resultat

Ihre Resultats-Entwicklung

Sie haben dieses Quiz noch nicht gespielt